| 000 | 00622cam a2200217 a 4500 | ||
|---|---|---|---|
| 001 | 14178744 | ||
| 003 | OSt | ||
| 005 | 20260327104409.0 | ||
| 008 | 051123s2005 ii l 000 0 eng | ||
| 020 | _a8189479016 | ||
| 040 | _c. | ||
| 082 | _a305.56 AGR-2 | ||
| 100 | 1 |
_aAgrawal, G. _q(Girish) |
|
| 245 | 1 | 0 |
_aDalits and the law / _cGirish Agrawal, Colin Gonsalves. |
| 260 |
_aNew Delhi : _bHuman Rights Law Network, _c2005. |
||
| 300 |
_axiii, 414 p. ; _c24 cm. |
||
| 365 | _bRs.350 | ||
| 520 | _aOn Dalits rights and legislations; a study. | ||
| 650 | 0 |
_aDalits _xLegal status, laws, etc. _zIndia. |
|
| 942 |
_2ddc _cBK |
||
| 999 |
_c27791 _d27791 |
||